Ładuje się......

Hindi bhasha ki sandhi sanrachana/

Opis bibliograficzny
1. autor: Bholanath Tiwari
Format: Printed Book
Wydane: Delhi: Sahitya Sahkar, 1989.
LEADER 00362 a2200109 4500
100 |a Bholanath Tiwari 
245 |a Hindi bhasha ki sandhi sanrachana/  |c Bholanath Tiwari 
260 |a Delhi:  |b Sahitya Sahkar,  |c 1989. 
300 |a 230p. 
942 |2 ddc  |c BK 
999 |c 237996  |d 237996 
952 |0 0  |1 0  |4 0  |7 0  |9 264280  |a HIN  |b HIN  |c S-1  |d 2011-06-22  |i 14852  |l 0  |p HIN14852  |r 2011-06-22  |w 2014-02-07  |y BK